[Event "FICGS class C 000040 email"]
[Site "FICGS email"]
[Date "2008.02.15"]
[Round "1"]
[White "Livenais, Jean Rene"]
[Black "Van der Kemp, Michel"]
[Result "0-1"]
[WhiteElo "1819"]
[BlackElo "1800"]
[PlyCount "44"]
[EventDate "2008.??.??"]
[EventType "tourn (corr)"]
[EventRounds "1"]
[SourceTitle "Corr 2022"]
[Source "ChessBase"]
[SourceDate "2021.10.24"]
[SourceVersion "1"]
[SourceVersionDate "2021.10.24"]
[SourceQuality "1"]

1. e4 c5 2. c3 d5 3. exd5 Qxd5 4. d4 e6 5. Nf3 Nf6 6. Be3 cxd4 7. cxd4 Nc6 8. Nc3 Qd6 9. a3 Be7 10. Bd3 0-0 11. 0-0 b6 12. Qe2 Bb7 13. Rad1 Rfd8 14. Rfe1 Rac8 15. Bb1 h6 16. d5 exd5 17. Bf5 Ra8 18. Qd2 d4 19. Qc2 Qc5 20. Nxd4 Nxd4 21. Bxd4 Rxd4 22. Rxd4 Qxd4 0-1

[Event "FICGS class C 000040 email"]
[Site "FICGS email"]
[Date "2008.02.15"]
[Round "1"]
[White "Nent, Alexander"]
[Black "Livenais, Jean Rene"]
[Result "1-0"]
[WhiteElo "1898"]
[BlackElo "1819"]
[PlyCount "45"]
[EventDate "2008.??.??"]
[EventType "tourn (corr)"]
[EventRounds "1"]
[SourceTitle "Corr 2022"]
[Source "ChessBase"]
[SourceDate "2021.10.24"]
[SourceVersion "1"]
[SourceVersionDate "2021.10.24"]
[SourceQuality "1"]

1. d4 f5 2. g3 Nf6 3. Bg2 g6 4. c4 Bg7 5. Nf3 0-0 6. 0-0 d6 7. Nc3 Qe8 8. d5 a5 9. Be3 Na6 10. Qd2 Bd7 11. Rae1 Ng4 12. Bd4 Bh6 13. Qd1 c5 14. dxc6 bxc6 15. h3 Nf6 16. e4 e5 17. exf5 gxf5 18. Nxe5 dxe5 19. Rxe5 Qd8 20. Qe2 Bg7 21. Rd1 Re8 22. Qd2 Rc8 23. Rxe8+ 1-0

[Event "FICGS class C 000068 email"]
[Site "FICGS email"]
[Date "2007.12.07"]
[Round "1"]
[White "Livenais, Jean Rene"]
[Black "Wu, Sheng"]
[Result "0-1"]
[WhiteElo "1762"]
[BlackElo "1684"]
[PlyCount "50"]
[EventDate "2007.??.??"]
[EventType "tourn (corr)"]
[EventRounds "4"]
[SourceTitle "Corr 2022"]
[Source "ChessBase"]
[SourceDate "2021.10.24"]
[SourceVersion "1"]
[SourceVersionDate "2021.10.24"]
[SourceQuality "1"]

1. e4 e5 2. Nf3 Nc6 3. Bb5 a6 4. Ba4 Nf6 5. 0-0 Be7 6. Qe2 0-0 7. c3 b5 8. Bb3 d6 9. d4 Bg4 10. Rd1 exd4 11. cxd4 d5 12. e5 Ne4 13. a4 b4 14. a5 Qd7 15. Be3 f5 16. Qc2 Nd8 17. h3 Bxf3 18. gxf3 f4 19. Qxe4 c6 20. Rc1 Kh8 21. Qd3 fxe3 22. Kg2 exf2 23. Bc2 g6 24. Nd2 Bh4 25. Qe3 Ne6 0-1

[Event "FICGS class C 000059 email"]
[Site "FICGS email"]
[Date "2007.09.14"]
[Round "1"]
[White "Livenais, Jean Rene"]
[Black "Deline, Ralph"]
[Result "1/2-1/2"]
[WhiteElo "1724"]
[BlackElo "1759"]
[PlyCount "118"]
[EventDate "2007.??.??"]
[EventType "tourn (corr)"]
[EventRounds "4"]
[SourceTitle "Corr 2022"]
[Source "ChessBase"]
[SourceDate "2021.10.24"]
[SourceVersion "1"]
[SourceVersionDate "2021.10.24"]
[SourceQuality "1"]

1. e4 e5 2. Nf3 Nc6 3. Bb5 a6 4. Ba4 Nf6 5. 0-0 b5 6. Bb3 Be7 7. Re1 d6 8. c3 0-0 9. h3 Bb7 10. d4 Re8 11. Nbd2 exd4 12. cxd4 Nd7 13. Nf1 Na5 14. Bc2 c5 15. Ne3 cxd4 16. Nxd4 Bf6 17. Ndf5 Bxe4 18. Nxd6 Bxc2 19. Qxc2 Re6 20. Rd1 Qf8 21. Ndf5 Nb6 22. Ng4 Rc8 23. Qd3 Nc6 24. Nxf6+ Rxf6 25. Bg5 Rg6 26. Bf4 Nc4 27. Qc2 Nb4 28. Qb1 Nc6 29. b3 N4e5 30. Rd5 Re8 31. Be3 Rd8 32. Qe4 Rxd5 33. Qxd5 Re6 34. Rd1 Qe8 35. Qc5 h6 36. Bf4 Ng6 37. Bd6 Re2 38. Qc3 f6 39. Qa1 Re6 40. Ne3 Nce5 41. Qd4 Nf7 42. Ba3 Nfe5 43. Kf1 Qc8 44. Qe4 Kf7 45. Nd5 Nc6 46. Qg4 Nce5 47. Qf5 Nc6 48. Qc2 Qb8 49. Kg1 Nf4 50. Ne3 Kg8 51. Qd2 b4 52. Bb2 Ne7 53. Qd7 Kf7 54. Rd2 h5 55. Kh1 h4 56. Rd4 Qe5 57. Rxb4 Qxb2 58. Rxf4 Qxa2 59. Qd1 g5 1/2-1/2

[Event "FICGS rapid B 000066 email"]
[Site "FICGS email"]
[Date "2007.09.10"]
[Round "1"]
[White "Livenais, Jean Rene"]
[Black "Dats, Dmitry"]
[Result "1/2-1/2"]
[WhiteElo "1724"]
[BlackElo "1600"]
[PlyCount "99"]
[EventDate "2007.??.??"]
[EventType "tourn (rapid)"]
[EventRounds "6"]
[SourceTitle "Corr 2022"]
[Source "ChessBase"]
[SourceDate "2021.10.24"]
[SourceVersion "1"]
[SourceVersionDate "2021.10.24"]
[SourceQuality "1"]

1. e4 e6 2. d4 d5 3. Nd2 Nf6 4. e5 Nfd7 5. Bd3 c5 6. c3 Nc6 7. Ne2 Qb6 8. Nf3 f6 9. exf6 Nxf6 10. 0-0 cxd4 11. cxd4 Bd6 12. Nc3 0-0 13. Be3 Bd7 14. a3 Ne7 15. Ne5 a6 16. Qc2 Qc7 17. f4 Nf5 18. Qe2 Bxe5 19. fxe5 Nxe3 20. Qxe3 Ng4 21. Qg5 Nh6 22. Qe7 Qb6 23. Ne2 Bb5 24. Qb4 Qc6 25. Bxb5 Qxb5 26. Qxb5 axb5 27. Rac1 Rxf1+ 28. Kxf1 Rf8+ 29. Ke1 Ng4 30. Kd2 Nxh2 31. Rc7 Rf7 32. Rc8+ Rf8 33. Rc5 Nf1+ 34. Kd3 h5 35. Rxb5 h4 36. Rxb7 Rf2 37. Rb8+ Kh7 38. a4 Rxg2 39. Nf4 g5 40. Nxg2 h3 41. Nh4 h2 42. Ng6 Kxg6 43. Rh8 Kg7 44. Rxh2 Nxh2 45. a5 g4 46. a6 g3 47. Ke2 Ng4 48. Kf3 g2 49. Kxg2 Ne3+ 50. Kf3 1/2-1/2

[Event "FICGS rapid B 000066 email"]
[Site "FICGS email"]
[Date "2007.09.10"]
[Round "1"]
[White "Serd, Than"]
[Black "Livenais, Jean Rene"]
[Result "0-1"]
[WhiteElo "1432"]
[BlackElo "1724"]
[PlyCount "34"]
[EventDate "2007.??.??"]
[EventType "tourn (rapid)"]
[EventRounds "6"]
[SourceTitle "Corr 2022"]
[Source "ChessBase"]
[SourceDate "2021.10.24"]
[SourceVersion "1"]
[SourceVersionDate "2021.10.24"]
[SourceQuality "1"]

1. e4 c5 2. Nf3 g6 3. d4 cxd4 4. Nxd4 Nc6 5. Be3 Nf6 6. f3 Bg7 7. Nc3 0-0 8. Qd2 d5 9. exd5 Nxd5 10. Nxd5 Qxd5 11. Rd1 Qxa2 12. Nxc6 bxc6 13. b3 Be6 14. Bd3 Rfd8 15. 0-0 a5 16. Bb6 Rd7 17. Qf2 a4 0-1

[Event "FICGS rapid B 000062 email"]
[Site "FICGS email"]
[Date "2007.08.09"]
[Round "1"]
[White "Livenais, Jean Rene"]
[Black "Stoian, Mihail"]
[Result "1-0"]
[WhiteElo "1737"]
[BlackElo "1443"]
[PlyCount "43"]
[EventDate "2007.??.??"]
[EventType "tourn (rapid)"]
[EventRounds "6"]
[SourceTitle "Corr 2022"]
[Source "ChessBase"]
[SourceDate "2021.10.24"]
[SourceVersion "1"]
[SourceVersionDate "2021.10.24"]
[SourceQuality "1"]

1. e4 c6 2. d4 d5 3. exd5 cxd5 4. c4 Nf6 5. Nc3 e6 6. Nf3 Bd6 7. Bg5 0-0 8. Bd3 a6 9. 0-0 dxc4 10. Bxc4 Nbd7 11. Bd3 h6 12. Bh4 b5 13. Re1 Bb7 14. Ne5 Qb6 15. Bc2 Rac8 16. Qd3 b4 17. Nxd7 Bxh2+ 18. Kh1 Bxg2+ 19. Kxh2 Qd6+ 20. Kxg2 Qxd7 21. Bxf6 g6 22. Rh1 1-0

[Event "FICGS rapid B 000062 email"]
[Site "FICGS email"]
[Date "2007.08.09"]
[Round "1"]
[White "Livenais, Jean Rene"]
[Black "Von Buttlar, Paul"]
[Result "1-0"]
[WhiteElo "1737"]
[BlackElo "1474"]
[PlyCount "53"]
[EventDate "2007.??.??"]
[EventType "tourn (rapid)"]
[EventRounds "6"]
[SourceTitle "Corr 2022"]
[Source "ChessBase"]
[SourceDate "2021.10.24"]
[SourceVersion "1"]
[SourceVersionDate "2021.10.24"]
[SourceQuality "1"]

1. e4 e6 2. d4 d5 3. Nc3 Bb4 4. e5 c5 5. a3 Bxc3+ 6. bxc3 Ne7 7. Qg4 cxd4 8. Qxg7 Rg8 9. Qxh7 Nbc6 10. Nf3 Qa5 11. Rb1 Qxc3+ 12. Kd1 a6 13. h4 b5 14. h5 Rf8 15. h6 Ng6 16. Qg7 Bb7 17. h7 Nh8 18. Bb2 Qc5 19. Bd3 0-0-0 20. Ke1 b4 21. axb4 Qxb4+ 22. Kf1 a5 23. g3 Qc5 24. Kg2 a4 25. Ra1 Rd7 26. Ba3 Nb4 27. Rhb1 1-0

[Event "FICGS rapid B 000062 email"]
[Site "FICGS email"]
[Date "2007.08.09"]
[Round "1"]
[White "Oldenhof, Dwight"]
[Black "Livenais, Jean Rene"]
[Result "0-1"]
[WhiteElo "1400"]
[BlackElo "1737"]
[PlyCount "32"]
[EventDate "2007.??.??"]
[EventType "tourn (rapid)"]
[EventRounds "6"]
[SourceTitle "Corr 2022"]
[Source "ChessBase"]
[SourceDate "2021.10.24"]
[SourceVersion "1"]
[SourceVersionDate "2021.10.24"]
[SourceQuality "1"]

1. e4 c5 2. Nf3 g6 3. d4 cxd4 4. Qxd4 Nf6 5. Nc3 Nc6 6. Qd1 Bg7 7. Be2 0-0 8. 0-0 d6 9. Re1 a6 10. a3 Be6 11. Ng5 Bd7 12. Rb1 Rc8 13. Bf4 Ne5 14. Rc1 h6 15. Nf3 Neg4 16. h3 Nxf2 0-1

[Event "FICGS rapid B 000052 email"]
[Site "FICGS email"]
[Date "2007.05.17"]
[Round "1"]
[White "Livenais, Jean Rene"]
[Black "Phillip, Lennox"]
[Result "1-0"]
[WhiteElo "1500"]
[BlackElo "1700"]
[PlyCount "159"]
[EventDate "2007.??.??"]
[EventType "tourn (rapid)"]
[EventRounds "6"]
[SourceTitle "Corr 2022"]
[Source "ChessBase"]
[SourceDate "2021.10.24"]
[SourceVersion "1"]
[SourceVersionDate "2021.10.24"]
[SourceQuality "1"]

1. e4 e5 2. Nf3 Nc6 3. Bb5 a6 4. Ba4 Nf6 5. 0-0 Be7 6. Re1 b5 7. Bb3 d6 8. c3 Na5 9. Bc2 c5 10. d4 Qc7 11. h3 0-0 12. Nbd2 Re8 13. Nf1 Bf8 14. Bg5 Nd7 15. Ne3 Nb6 16. b3 h6 17. Bh4 Nc6 18. Rc1 Ne7 19. Bg3 Ng6 20. Qd2 Bb7 21. Nf5 c4 22. h4 cxb3 23. axb3 Rac8 24. Bd3 Ne7 25. Ne3 Ng6 26. h5 Nf4 27. Bxf4 exf4 28. Nf5 g6 29. N5h4 g5 30. Nf5 Nd7 31. d5 Qb6 32. c4 Ne5 33. Nxe5 dxe5 34. Red1 Kh7 35. Be2 Ba3 36. Ra1 Bc5 37. Bg4 b4 38. Kf1 a5 39. Ra2 Rcd8 40. Rda1 Ra8 41. Qd3 Red8 42. Qd2 Re8 43. Qd3 Red8 44. Qd2 Bc8 45. Qb2 Qc7 46. Rd1 Ra6 47. Qc2 Bd7 48. Rda1 Rb8 49. Qd3 a4 50. bxa4 b3 51. Rb2 Bxa4 52. Bd1 Rb4 53. Rab1 Rab6 54. Be2 Qb8 55. Ra1 Ra6 56. Qc3 Rbb6 57. Bd1 Rb4 58. Kg1 Rab6 59. Rab1 Rb7 60. Qd3 R4b6 61. Kh2 Ba3 62. Rd2 Qf8 63. Qf3 Qb4 64. Rd3 Qxc4 65. Rc3 Qf1 66. Bc2 Qb5 67. Bxb3 Qa5 68. Rd3 Bd7 69. d6 Bc5 70. Rbd1 Rb4 71. Bxf7 Bxf5 72. exf5 Rxf7 73. Qd5 Rd7 74. Rc3 g4 75. Rxc5 g3+ 76. Kh3 Qd8 77. Qe6 gxf2 78. Rc7 Rb7 79. Rxb7 Rxb7 80. d7 1-0

[Event "FICGS rapid B 000052 email"]
[Site "FICGS email"]
[Date "2007.05.17"]
[Round "1"]
[White "Marques, Joao"]
[Black "Livenais, Jean Rene"]
[Result "0-1"]
[WhiteElo "1504"]
[BlackElo "1500"]
[PlyCount "36"]
[EventDate "2007.??.??"]
[EventType "tourn (rapid)"]
[EventRounds "6"]
[SourceTitle "Corr 2022"]
[Source "ChessBase"]
[SourceDate "2021.10.24"]
[SourceVersion "1"]
[SourceVersionDate "2021.10.24"]
[SourceQuality "1"]

1. e4 e6 2. d4 d5 3. e5 c5 4. c3 Nc6 5. Nf3 Bd7 6. Be3 Qb6 7. Qd2 cxd4 8. cxd4 Nge7 9. Bd3 Nb4 10. b3 Nxd3+ 11. Qxd3 Bb5 12. Qd2 Nc6 13. Nc3 Bb4 14. a3 Qa5 15. Rc1 Qxa3 16. Qc2 Bxc3+ 17. Qxc3 Nb4 18. Ra1 Qxa1+ 0-1

[Event "FICGS rapid B 000039 email"]
[Site "FICGS email"]
[Date "2007.02.23"]
[Round "1"]
[White "Johnston, Jim"]
[Black "Livenais, Jean Rene"]
[Result "0-1"]
[WhiteElo "1700"]
[BlackElo "1500"]
[PlyCount "60"]
[EventDate "2007.??.??"]
[EventType "tourn (rapid)"]
[EventRounds "6"]
[SourceTitle "Corr 2022"]
[Source "ChessBase"]
[SourceDate "2021.10.24"]
[SourceVersion "1"]
[SourceVersionDate "2021.10.24"]
[SourceQuality "1"]

1. d4 Nf6 2. c4 c5 3. d5 e6 4. Nc3 exd5 5. cxd5 d6 6. e4 g6 7. f4 Bg7 8. Bb5+ Nfd7 9. Nf3 0-0 10. a4 Na6 11. 0-0 Nb4 12. Re1 a6 13. Bf1 Re8 14. h3 b6 15. Be3 Bb7 16. Bf2 Rc8 17. Bg3 c4 18. Nd2 b5 19. axb5 axb5 20. Bf2 Nc5 21. Bxc5 Rxc5 22. Nf3 Qb6 23. Kh1 Rc7 24. Qd2 Rce7 25. Rab1 Na6 26. b3 Nc5 27. bxc4 Bxc3 28. Qxc3 Nxe4 29. Qa1 Qf2 30. Bd3 Ng3+ 0-1

[Event "FICGS rapid B 000039 email"]
[Site "FICGS email"]
[Date "2007.02.23"]
[Round "1"]
[White "Livenais, Jean Rene"]
[Black "Stoyanov, Zdravko"]
[Result "1-0"]
[WhiteElo "1500"]
[BlackElo "1400"]
[PlyCount "73"]
[EventDate "2007.??.??"]
[EventType "tourn (rapid)"]
[EventRounds "6"]
[SourceTitle "Corr 2022"]
[Source "ChessBase"]
[SourceDate "2021.10.24"]
[SourceVersion "1"]
[SourceVersionDate "2021.10.24"]
[SourceQuality "1"]

1. c4 e5 2. Nc3 d6 3. g3 Nf6 4. Bg2 c6 5. Nf3 Be7 6. 0-0 0-0 7. d3 h6 8. Rb1 Bg4 9. h3 Bh5 10. b4 Nbd7 11. Be3 a6 12. Qb3 Bg6 13. a4 e4 14. Nh4 Bh7 15. dxe4 Ne8 16. Nf5 Bxf5 17. exf5 Bg5 18. f4 Bf6 19. Rfd1 Nb6 20. c5 Nc8 21. Bf2 d5 22. e4 Bxc3 23. Qxc3 Ne7 24. g4 Qc7 25. e5 Rd8 26. Qg3 Qc8 27. f6 gxf6 28. exf6 Nxf6 29. Qh4 Qe6 30. Bd4 Ne4 31. f5 Nxf5 32. gxf5 Qxf5 33. Qxh6 f6 34. Rf1 Qh7 35. Qf4 f5 36. Bxe4 fxe4 37. Qg5+ 1-0